| 000 | 00446nam a2200121 a 4500 | ||
|---|---|---|---|
| 001 | 000040507 | ||
| 005 | 20201002034157.0 | ||
| 008 | 130828s20uu dr 000 0 spa d | ||
| 040 |
_aDO-SdBNP _bspa _cBNPHU |
||
| 245 | 0 | 3 |
_aLo que el público, el usuario debe saber : _bcuando utilice música en su negocio ley 65-00. |
| 260 |
_aSanto Domingo : _bSociedad General de Autures, Compositores Dominicanos de Música., _c[200?]. |
||
| 300 |
_a16 p. ; _c14 cm. |
||
| 999 |
_c39997 _d39997 |
||